000 00852nam a22002777a 4500
001 6926
003 FISKH
005 20250610095031.0
008 250610b cb ||||| |||| 00| 0 eng d
020 _a9780439803649
040 _aFISKH
_beng
_cFISKH
_dFISKH
050 _aQL458 .S585
082 _a595.4
100 _aSimon, Seymour
245 _aSpiders /
_cSeymour Simon
250 _aFirst Scholastic printing, October 2005
260 _aNew York :
_bScholastic,
_c2003.
300 _a30 unnumbered pages :
_bcolor illstrations ;
_c23 x 28 cm
505 _aN
520 _aAn introduction to the physical characteristics, behavior, and life cycle of different kinds of spiders.
521 8 _a530
_bLexile estimate
521 8 _aN
_bRaz-Plus
650 _aScience
_vBiology
_xInsects
942 _2ddc
_cBK
_n0
999 _c6926
_d6926